000 00940nam a2200277 a 4500
001 000110795
003 CHAP
005 20220329144146.0
008 141006s2013 mx |s| |||0|||spa d
010 _a107257
011 _a108229
020 _a9786074945287
040 _cCHAP
090 _aCD-431 (2012)
245 0 0 _aCenso Nacional de Impartición de Justicia Estatal 2012
_h[Disco compacto]
_cpor Instituto Nacional de Estadística, Geografía e Informática.
260 _aAguascalientes, Ags. :
_bINEGI,
_c2013 .
300 _a1 CD ROM ;
_c4 3/4 plg. .
590 _aE5652GLJ
_b05
_c20141006
_lUCH01
_h1206
590 _aE5765TAJ
_b05
_c20171108
_lUCH01
_h0949
650 1 4 _aAdministración estatal
_zMéxico
_vCensos.
_9128577
650 1 4 _aJusticia
_xAdministración
_zMéxico.
_962546
710 2 _aInstituto Nacional de Estadística, Geografía e Informática. México
_959304
901 _aBK
942 _cCD
942 _n0
999 _c107257
_d107257